|
|
|
|
| LEADER |
00000naa2a2200000 4500 |
| 001 |
92775 |
| 005 |
20231031104837.0 |
| 035 |
|
|
|a (RuTPU)RU\TPU\book\99380
|
| 090 |
|
|
|a 92775
|
| 100 |
|
|
|a 20060320d2005 k y0rusy50 ca
|
| 101 |
0 |
|
|a rus
|
| 102 |
|
|
|a RU
|
| 200 |
1 |
|
|a Коэволюционная инноватика как адаптивная стратегия реформ
|f Ю. А. Никитина, А. В. Корниенко
|
| 463 |
|
0 |
|0 (RuTPU)RU\TPU\book\95664
|t Актуальные проблемы социальной философии
|o сборник трудов I Всероссийской научно-практической конференции, Томск, 25-26 октября 2005 г.
|h вып. 3
|f Томский политехнический университет; гл. ред. А. А. Корниенко
|v С. 11-12
|d 2005
|p 213 с.
|
| 610 |
1 |
|
|a реформы
|
| 610 |
1 |
|
|a адаптивная стратегия
|
| 610 |
1 |
|
|a коэволюция
|
| 610 |
1 |
|
|a биоценозы
|
| 610 |
1 |
|
|a инновации
|
| 610 |
1 |
|
|a генетическая информация
|
| 610 |
1 |
|
|a труды учёных ТПУ
|
| 700 |
|
1 |
|a Никитина
|b Ю. А.
|c российский учёный в области международного менеджмента
|c доцент Томского политехнического университета, кандидат философских наук
|f 1963-
|g Юлия Анатольевна
|2 stltpush
|3 (RuTPU)RU\TPU\pers\24692
|
| 701 |
|
1 |
|a Корниенко
|b А. В.
|c российский ученый в области кибернетики
|c профессор Томского политехнического университета
|f 1938-
|g Анатолий Васильевич
|2 stltpush
|3 (RuTPU)RU\TPU\pers\21968
|
| 801 |
|
1 |
|a RU
|b 63413507
|c 20060320
|g PSBO
|
| 801 |
|
2 |
|a RU
|b 63413507
|c 20110113
|g RCR
|
| 942 |
|
|
|c BK
|